000 00795cam a2200265 i 4500
003 OSt
005 20260530115318.0
008 260508b2022 mx a|||| |||| 00| 0 spa d
020 _a976078059423
040 _aICI
_bspa
_cICI
041 _aspa
050 _aN6537
_bF45 2022
100 _aRita Eder
_eautor
_934010
245 _aHomenaje a Manuel Felguérez /
250 _a1a ed.
260 _aMéxico :
_bDr. Academia de Artes,
_c 2022.
300 _a47 páginas :
336 _2rdacontent
_atexto
337 _2rdamedia
_asin medio
338 _2rdacarrier
_avolumen
650 _aFelguérez, Manuel
_vHomenajes.
_934011
650 _aArte contemporáneo
_vExposiciones y catálogos.
_x México
_934012
650 _aPintura abstracta
_vEstudios y crítica.
_934013
942 _2lcc
_cBK
_n1
999 _c13669
_d13669